Renesance a obnova konkurenceschopnosti zpracovatelského průmyslu v USA: Mýtus nebo realita?

Identifikácia zmien spracovateľskej výroby vo vyspelých krajinách. Možnosti a potenciáne dopady návratu spracovateľskej výroby. Náklady spracovateľského priemyslu: analýza hlavných faktorov.

Salvato in:
Dettagli Bibliografici
Autore principale: Neumann, Pavel
Natura: Capitolo di libro
Lingua:ceco
Soggetti:
Tags: Aggiungi Tag
Nessun Tag, puoi essere il primo ad aggiungerne!!

MARC

LEADER 00000naa a2200000 4500
001 0208214
005 20221104111825.0
041 0 |a cze 
044 |a SK 
245 1 0 |a Renesance a obnova konkurenceschopnosti zpracovatelského průmyslu v USA: Mýtus nebo realita?  |c Pavel Neumann 
520 |a Identifikácia zmien spracovateľskej výroby vo vyspelých krajinách. Možnosti a potenciáne dopady návratu spracovateľskej výroby. Náklady spracovateľského priemyslu: analýza hlavných faktorov. 
610 2 0 |a priemysel spracovateľský 
610 2 0 |a výroba 
610 2 0 |a USA 
610 2 0 |a revitalizácia 
610 2 0 |a konkurencieschopnosť 
610 2 0 |a politika hospodárska 
100 1 |a Neumann, Pavel